[Event "16th Asian-ch"]
[Site "Makati PHI"]
[Date "2018.12.15"]
[Round "6.8"]
[White "Zhumabaev, Rinat"]
[Black "Abdusattorov, Nodirbek"]
[Result "0-1"]
[WhiteElo "2602"]
[BlackElo "2546"]
[EventDate "2018.12.10"]
[PlyCount "116"]

1.Nf3 Nf6 2.c4 e6 3.Nc3 b6 4.g3 Bb7 5.Bg2 Be7 6.O-O O-O 7.Re1 Ne4 8.Nxe4 
Bxe4 9.d3 Bb7 10.d4 Be4 11.Bh3 Bf6 12.Nd2 Bb7 13.d5 exd5 14.Bg2 Na6 15.
cxd5 Nc5 16.Nc4 Re8 17.Qc2 a5 18.Bd2 d6 19.Rad1 g6 20.Bc1 Bg7 21.e4 Ba6 
22.b3 Bxc4 23.Qxc4 Qf6 24.Re3 Rad8 25.Qc2 Qe7 26.a3 b5 27.b4 axb4 28.axb4 
Na4 29.Bf1 Qd7 30.Bd2 Bh6 31.Ree1 Bxd2 32.Qxd2 Nb6 33.Rc1 Re7 34.Rc6 Qe8 
35.Bxb5 Rxe4 36.Rxe4 Qxe4 37.Rxc7 Nxd5 38.Rc1 Nb6 39.Bf1 d5 40.Re1 Qg4 41.
h3 Qd7 42.Qd4 Qd6 43.Rc1 Re8 44.Bg2 Re6 45.Rc5 Qd8 46.h4 h5 47.Bf3 Rd6 48.
Kg2 Re6 49.Ra5 Rc6 50.Ra6 Re6 51.Qc5 Kg7 52.Ra7 Rd6 53.Bd1 Qf6 54.Rb7 Rc6 
55.Qb5 Re6 56.Bb3 Qd4 57.Bc2 Nc4 58.Bb3 Re2 0-1

[Event "16th Asian-ch"]
[Site "Makati PHI"]
[Date "2018.12.15"]
[Round "6.9"]
[White "Maghsoodloo, Parham"]
[Black "Lye Lik Zang"]
[Result "1-0"]
[WhiteElo "2688"]
[BlackElo "2321"]
[EventDate "2018.12.10"]
[PlyCount "105"]

1.Nf3 d5 2.g3 c6 3.Bg2 Bg4 4.O-O e6 5.d3 Bd6 6.Nbd2 Nd7 7.e4 Ne7 8.h3 Bh5 
9.c4 O-O 10.d4 Bc7 11.b3 Ba5 12.Bb2 Bxd2 13.Qxd2 dxe4 14.Ng5 Nf6 15.Nxe4 
Nxe4 16.Bxe4 Bg6 17.Bg2 Qd6 18.Qc3 f6 19.a4 a5 20.Ba3 Qd7 21.g4 Rfe8 22.f4
Rad8 23.Rad1 Qc7 24.Rde1 Bf7 25.Rf2 Ng6 26.Qe3 Rd7 27.Ree2 Red8 28.Rd2 Re8
29.Be4 Qd8 30.Bc2 Qb8 31.Bb2 b5 32.Bc3 b4 33.Bb2 Qb6 34.Rde2 Rde7 35.Qg3 
Nf8 36.h4 Qc7 37.h5 Nd7 38.Qh4 c5 39.g5 f5 40.g6 hxg6 41.d5 e5 42.Rg2 Qd6 
43.hxg6 Bxg6 44.Qg5 exf4 45.Rxe7 Rxe7 46.Qxg6 Qxg6 47.Rxg6 Nf8 48.Rg2 f3 
49.Rd2 Ng6 50.Kf2 Nh4 51.d6 Rd7 52.Be5 g5 53.Bg3 1-0

[Event "16th Asian-ch"]
[Site "Makati PHI"]
[Date "2018.12.15"]
[Round "6.10"]
[White "Amartuvshin, Ganzorig"]
[Black "Adhiban, Baskaran"]
[Result "1/2-1/2"]
[WhiteElo "2376"]
[BlackElo "2695"]
[EventDate "2018.12.10"]
[PlyCount "106"]

1.d4 d6 2.c4 e5 3.d5 Be7 4.e4 Bg5 5.Nd2 Ne7 6.Ngf3 Bh6 7.Be2 O-O 8.O-O a5 
9.c5 Na6 10.cxd6 cxd6 11.Nc4 Bxc1 12.Rxc1 Nc5 13.Nfd2 b6 14.f3 f5 15.Nb3 
Ng6 16.Nxc5 bxc5 17.exf5 Rxf5 18.Bd3 Rf6 19.Bxg6 Rxg6 20.Rf2 a4 21.Nd2 Bd7
22.Ne4 Rb8 23.a3 Rb6 24.Qd2 Rb3 25.f4 exf4 26.Qxf4 Qe7 27.Re1 Rd3 28.Qc1 
Qh4 29.Qc2 Rf3 30.g3 Rxf2 31.Qxf2 h6 32.Qf3 Qd8 33.Qf4 Qa8 34.Rd1 Kh7 35.
Qf7 Bh3 36.Re1 Qa5 37.Qf2 Qa8 38.Qf3 Qb8 39.Qc3 Bf5 40.Re3 Qb5 41.Qd2 Qc4 
42.Nc3 Qd4 43.Qf2 Bd3 44.Rf3 Rg4 45.h3 Qxf2+ 46.Kxf2 Rd4 47.Rf4 Rxf4+ 48.
gxf4 Bc2 49.Ke3 Kg6 50.Nb5 Bb3 51.Ke4 Bc2+ 52.Ke3 Bb3 53.Ke4 Bc2+ 1/2-1/2

[Event "16th Asian-ch"]
[Site "Makati PHI"]
[Date "2018.12.15"]
[Round "6.11"]
[White "Puranik, Abhimanyu"]
[Black "Lalith Babu, Musunuri Rohit"]
[Result "1/2-1/2"]
[WhiteElo "2544"]
[BlackElo "2529"]
[EventDate "2018.12.10"]
[PlyCount "58"]

1.e4 e5 2.Nf3 Nc6 3.Bb5 a6 4.Ba4 Nf6 5.d3 b5 6.Bb3 Bc5 7.O-O d6 8.c3 Qe7 
9.a4 Rb8 10.h3 h6 11.d4 Bb6 12.axb5 axb5 13.Be3 O-O 14.Re1 Bd7 15.Nbd2 
exd4 16.cxd4 Nb4 17.Nf1 Nxe4 18.d5 f5 19.Bxb6 Rxb6 20.Ng3 Qf6 21.Nxe4 fxe4
22.Rxe4 Na6 23.Bc2 Bxh3 24.gxh3 Qxf3 25.Qxf3 Rxf3 26.Re8+ Rf8 27.Bh7+ Kf7 
28.Bg6+ Kg8 29.Bh7+ Kf7 1/2-1/2

[Event "16th Asian-ch"]
[Site "Makati PHI"]
[Date "2018.12.15"]
[Round "6.12"]
[White "Kunte, Abhijit"]
[Black "Megaranto, Susanto"]
[Result "1/2-1/2"]
[WhiteElo "2469"]
[BlackElo "2512"]
[EventDate "2018.12.10"]
[PlyCount "48"]

1.Nf3 d5 2.g3 c6 3.Bg2 Bf5 4.d3 h6 5.Nbd2 Nf6 6.O-O e6 7.c4 Be7 8.b3 O-O 
9.Bb2 Nbd7 10.a3 a5 11.Ra2 Bh7 12.Qa1 Qb6 13.Ne5 Nxe5 14.Bxe5 Rfd8 15.cxd5
exd5 16.Rc2 Ne8 17.Rfc1 Bf6 18.Bxf6 Nxf6 19.Nf3 Ne8 20.Qb2 Nd6 21.Nd4 Nf5 
22.Nf3 Nd6 23.Nd4 Nf5 24.Nf3 Nd6 1/2-1/2

[Event "16th Asian-ch"]
[Site "Makati PHI"]
[Date "2018.12.15"]
[Round "6.13"]
[White "Firouzja, Alireza"]
[Black "Pascua, Haridas"]
[Result "1-0"]
[WhiteElo "2607"]
[BlackElo "2442"]
[EventDate "2018.12.10"]
[PlyCount "65"]

1.d4 Nf6 2.c4 g6 3.Nc3 Bg7 4.e4 d6 5.h3 O-O 6.Be3 e5 7.d5 a5 8.g4 Na6 9.
Nge2 c6 10.Ng3 cxd5 11.cxd5 Bd7 12.Be2 Ne8 13.h4 Nc5 14.a4 b6 15.Ra3 Nc7 
16.h5 Rb8 17.Kf1 Bf6 18.Qd2 b5 19.axb5 Nxb5 20.Nxb5 Bxb5 21.Bxb5 Rxb5 22.
g5 Be7 23.Kg2 Rb4 24.Rh4 Nb3 25.Qd1 Bxg5 26.Bxg5 Qxg5 27.Rg4 Qd2 28.Qf3 f5
29.hxg6 h5 30.g7 Rf6 31.Nxh5 Rf7 32.Rg6 Nd4 33.Qh3 1-0

[Event "16th Asian-ch"]
[Site "Makati PHI"]
[Date "2018.12.15"]
[Round "6.14"]
[White "Taher, Yoseph Theolifus"]
[Black "Ghaem Maghami, Ehsan"]
[Result "0-1"]
[WhiteElo "2454"]
[BlackElo "2537"]
[EventDate "2018.12.10"]
[PlyCount "54"]

1.e4 c5 2.Nf3 d6 3.d4 cxd4 4.Nxd4 Nf6 5.Nc3 a6 6.f4 Qc7 7.Bd3 g6 8.Qe2 Bg7
9.Nf3 Nbd7 10.O-O b5 11.e5 dxe5 12.fxe5 Ng4 13.Bf4 Bb7 14.Rae1 O-O 15.Be4 
Bxe4 16.Qxe4 Nc5 17.Qb4 a5 18.Qxb5 Ne6 19.Nd5 Qa7+ 20.Qb6 Qd7 21.Qb3 Rab8 
22.Qd3 Rfd8 23.Rd1 Nxf4 24.Nxf4 Qa7+ 25.Nd4 Nxe5 26.Qe4 Nc4 27.Nd5 e6 0-1

[Event "16th Asian-ch"]
[Site "Makati PHI"]
[Date "2018.12.15"]
[Round "6.15"]
[White "Gomez, John Paul"]
[Black "Tran Tuan Minh"]
[Result "1/2-1/2"]
[WhiteElo "2450"]
[BlackElo "2524"]
[EventDate "2018.12.10"]
[PlyCount "77"]

1.d4 Nf6 2.c4 e6 3.Nf3 b6 4.a3 Ba6 5.Qc2 c5 6.d5 exd5 7.cxd5 g6 8.Nc3 Bg7 
9.g3 O-O 10.Bg2 d6 11.h3 Re8 12.O-O Qe7 13.Re1 Ne4 14.a4 Nd7 15.Nb5 Bxb5 
16.axb5 f5 17.Ra4 Kh8 18.Nd2 Ndf6 19.e3 Rac8 20.b3 Nxd5 21.Nxe4 Nb4 22.Qd2
fxe4 23.Ba3 d5 24.Bxb4 cxb4 25.Rd1 d4 26.exd4 Rc3 27.Re1 Qd6 28.Rxe4 Rxe4 
29.Bxe4 Qxd4 30.Qf4 Rc8 31.Rxa7 Rf8 32.Qe3 Qd1+ 33.Kg2 Bd4 34.Rd7 Bxe3 35.
Rxd1 Rxf2+ 36.Kh1 Bd2 37.Bd5 Kg7 38.Bc4 h5 39.Rf1 1/2-1/2

[Event "16th Asian-ch"]
[Site "Makati PHI"]
[Date "2018.12.15"]
[Round "6.16"]
[White "Tan Zhongyi"]
[Black "De Guzman, Ricardo"]
[Result "1/2-1/2"]
[WhiteElo "2508"]
[BlackElo "2357"]
[EventDate "2018.12.10"]
[PlyCount "98"]

1.c4 d6 2.d4 Nf6 3.Nc3 g6 4.e4 Bg7 5.Be2 Nc6 6.Nf3 O-O 7.O-O e5 8.d5 Ne7 
9.Nd2 c5 10.Rb1 b6 11.b4 cxb4 12.Rxb4 Nd7 13.a4 f5 14.a5 Nc5 15.axb6 axb6 
16.Na4 Ra6 17.Nxc5 bxc5 18.Ra4 Qb6 19.Rxa6 Qxa6 20.Bb2 Bd7 21.Qb3 Bh6 22.
f4 Bxf4 23.Rxf4 exf4 24.Qc3 Kf7 25.Bf1 Ke8 26.e5 dxe5 27.Qxe5 Kd8 28.Qb8+ 
Nc8 29.Qxf4 Nd6 30.Be5 Nf7 31.Bc3 Qd6 32.Qf2 Ba4 33.Nf3 g5 34.Bd2 f4 35.
Bc1 Re8 36.Qa2 g4 37.Nd4 cxd4 38.Qxa4 Qb6 39.Ba3 Re1 40.Bb4 d3+ 41.c5 Ra1 
42.Qxa1 Qxb4 43.Qa8+ Ke7 44.Qa7+ Kf8 45.Qa8+ Kg7 46.Qa1+ Kf8 47.Qa8+ Kg7 
48.Qa1+ Kf8 49.Qa8+ Kg7 1/2-1/2

[Event "16th Asian-ch"]
[Site "Makati PHI"]
[Date "2018.12.15"]
[Round "6.17"]
[White "Laylo, Darwin"]
[Black "Gagare, Shardul"]
[Result "0-1"]
[WhiteElo "2438"]
[BlackElo "2504"]
[EventDate "2018.12.10"]
[PlyCount "67"]

1.d4 Nf6 2.c4 e6 3.Nf3 d5 4.Bg5 Be7 5.Nc3 O-O 6.Qc2 h6 7.h4 Nbd7 8.e3 c5 
9.O-O-O cxd4 10.Nxd4 Nc5 11.f3 Qc7 12.Bxf6 Bxf6 13.cxd5 Qe5 14.Qd2 exd5 
15.g4 Re8 16.Bb5 Bd7 17.Bxd7 Nxd7 18.g5 Bd8 19.gxh6 g6 20.h5 Qxe3 21.h7+ 
Kh8 22.Qxe3 Rxe3 23.hxg6 fxg6 24.Nxd5 Re5 25.Nb5 Rh5 26.Kb1 Nf8 27.Nd6 
Kxh7 28.Nxb7 Rxh1 29.Rxh1+ Kg7 30.Re1 Bg5 31.a4 Rb8 32.Nc5 Bf6 33.b4 Bd4 
34.Re7+ 
    {Time forfeit}
0-1

[Event "16th Asian-ch"]
[Site "Makati PHI"]
[Date "2018.12.15"]
[Round "6.18"]
[White "Ervan, Mohamad"]
[Black "Liu Yan"]
[Result "1/2-1/2"]
[WhiteElo "2357"]
[BlackElo "2495"]
[EventDate "2018.12.10"]
[PlyCount "58"]

1.c4 Nf6 2.g3 e5 3.Bg2 Nc6 4.Nc3 Bb4 5.Nd5 O-O 6.Nxb4 Nxb4 7.a3 Nc6 8.b4 
d5 9.cxd5 Nxd5 10.Bb2 Re8 11.b5 Na5 12.Nf3 Nc4 13.Qc2 Nxb2 14.Qxb2 e4 15.
Nd4 Qf6 16.O-O Bg4 17.e3 Rad8 18.Qc2 Qg6 19.Rfc1 Rd6 20.f3 exf3 21.Qxg6 
hxg6 22.Nxf3 Bxf3 23.Bxf3 c6 24.bxc6 bxc6 25.Rab1 Nb6 26.Rb2 c5 27.e4 Nd7 
28.Rcc2 Rc8 29.Be2 Ne5 
    {Writing ineligible. Draw after 42 moves}
1/2-1/2

[Event "16th Asian-ch"]
[Site "Makati PHI"]
[Date "2018.12.15"]
[Round "6.19"]
[White "Miciano, John Marvin"]
[Black "Nguyen Anh Khoi"]
[Result "0-1"]
[WhiteElo "2354"]
[BlackElo "2480"]
[EventDate "2018.12.10"]
[PlyCount "104"]

1.c4 e5 2.Nc3 Nc6 3.e3 Nf6 4.a3 g6 5.g3 d5 6.cxd5 Nxd5 7.Bg2 Nb6 8.d3 Bg7 
9.Nf3 O-O 10.O-O Qe7 11.Qc2 a5 12.b3 Be6 13.Bb2 Rad8 14.Rfe1 f5 15.Rac1 
Rd7 16.Nb1 Rfd8 17.Bf1 Bf6 18.Nfd2 Bf7 19.Nc4 a4 20.Ncd2 axb3 21.Nxb3 Na4 
22.Ba1 Ra8 23.d4 exd4 24.exd4 Qd8 25.Bb5 Rd6 26.N1d2 Nb6 27.Nc4 Rd5 28.
Bxc6 bxc6 29.Ne5 Rxa3 30.Nc5 Bxe5 31.dxe5 Rd2 32.Red1 Ra2 33.Rxd2 Qxd2 34.
Qxd2 Rxd2 35.e6 Be8 36.Be5 Nd5 37.Na6 Re2 38.f4 Kf8 39.Nxc7 Rxe5 40.fxe5 
Nxc7 41.Ra1 Nxe6 42.Ra7 Ng5 43.Kf2 Nf7 44.e6 Ng5 45.Ke3 Nxe6 46.Rxh7 Bf7 
47.Rh8+ Ke7 48.Rb8 Kf6 49.h4 Ng7 50.Rc8 Bd5 51.Rd8 Ke5 52.Rc8 Nh5 0-1

[Event "16th Asian-ch"]
[Site "Makati PHI"]
[Date "2018.12.15"]
[Round "6.20"]
[White "Quizon, Daniel"]
[Black "Khusnutdinov, Rustam"]
[Result "0-1"]
[WhiteElo "2314"]
[BlackElo "2470"]
[EventDate "2018.12.10"]
[PlyCount "106"]

1.e4 c5 2.Nc3 Nc6 3.Nge2 g6 4.d4 cxd4 5.Nxd4 Bg7 6.Be3 Nf6 7.Nxc6 bxc6 8.
e5 Nd5 9.Nxd5 cxd5 10.Qxd5 Rb8 11.Bc4 O-O 12.O-O Bb7 13.Qd3 Bxe5 14.Bxa7 
Rc8 15.Bd4 Bb8 16.Bb3 e5 17.Bc3 d5 18.Rad1 d4 19.Bb4 Re8 20.c3 Qb6 21.Qh3 
Rcd8 22.a3 Ba6 23.Rfe1 d3 24.Re3 e4 25.Qh4 Ba7 26.Rh3 h5 27.Qf4 Rd7 28.Re3
Qc6 29.Rh3 Kg7 30.c4 Bd4 31.Bd2 Kg8 32.c5 Rb7 33.Bb4 Rbe7 34.Re3 Bxb2 35.
Qd6 Bb7 36.Rg3 Kg7 37.Qf4 Be5 38.Qe3 Qf6 39.Qd2 Kh7 40.Re3 Bc6 41.Rde1 Bd4
42.Rc1 Qe5 43.Bc3 Rb8 44.Bb4 f5 45.Rce1 Qf6 46.g3 Rbe8 47.Rc1 g5 48.Bc3 f4
49.Ree1 Bxc3 50.Rxc3 e3 51.fxe3 fxe3 52.Qxd3+ Be4 53.Qxe3 Bg6 0-1

[Event "16th Asian-ch"]
[Site "Makati PHI"]
[Date "2018.12.15"]
[Round "6.21"]
[White "Bersamina, Paulo"]
[Black "Chen Qi"]
[Result "1/2-1/2"]
[WhiteElo "2444"]
[BlackElo "2437"]
[EventDate "2018.12.10"]
[PlyCount "39"]

1.e4 e5 2.Nf3 Nc6 3.Bb5 Nf6 4.O-O Nxe4 5.Re1 Nd6 6.Nxe5 Be7 7.Bf1 Nxe5 8.
Rxe5 O-O 9.d4 Bf6 10.Re1 Re8 11.c3 Rxe1 12.Qxe1 Qe8 13.Qxe8+ Nxe8 14.Bf4 
d5 15.Bd3 c6 16.Nd2 g6 17.Re1 Ng7 18.Be5 Bxe5 19.Rxe5 Be6 20.Re1 1/2-1/2

[Event "16th Asian-ch"]
[Site "Makati PHI"]
[Date "2018.12.15"]
[Round "6.22"]
[White "Bilguun, Sumiya"]
[Black "Nava, Roderick"]
[Result "1/2-1/2"]
[WhiteElo "2497"]
[BlackElo "2392"]
[EventDate "2018.12.10"]
[PlyCount "143"]

1.e4 c5 2.Nf3 g6 3.g3 Bg7 4.Bg2 Nc6 5.O-O Nf6 6.d3 d6 7.Re1 O-O 8.c3 Bg4 
9.h3 Bd7 10.Be3 b5 11.Qd2 Re8 12.Bh6 Bh8 13.d4 cxd4 14.cxd4 d5 15.exd5 
Nxd5 16.Nc3 Nxc3 17.bxc3 Rc8 18.h4 Na5 19.h5 Qc7 20.Ng5 Bf5 21.Rac1 Nc4 
22.Qe2 Qd7 23.hxg6 hxg6 24.Ne4 Bxe4 25.Qxe4 e5 26.Qb7 Rc7 27.Qd5 Rd8 28.
Qxd7 Rdxd7 29.dxe5 Nxe5 30.Bf4 Nd3 31.Re8+ Kh7 32.Bxc7 Nxc1 33.Bf4 Nxa2 
34.Bc6 Rd1+ 35.Kg2 Nxc3 36.Re7 Kg8 37.Re8+ Kh7 38.Re7 Kg8 39.Rxa7 Rd8 40.
Rb7 Bf6 41.Bc7 Rc8 42.Bf3 Kg7 43.Ba5 Re8 44.Bb4 Rd8 45.Bc6 Kg8 46.Ba5 Rc8 
47.Bd7 Ra8 48.Bb6 Bg7 49.Be3 Be5 50.Bd2 Ne4 51.Rxb5 Nxd2 52.Rxe5 Nc4 53.
Re7 Rd8 54.Ba4 Nd6 55.Rc7 Rb8 56.Rd7 Ne4 57.Bc2 Nc5 58.Rc7 Ne6 59.Ra7 Kg7 
60.Be4 Kf6 61.Bd5 Rb5 62.Ba2 Rb2 63.Kf3 Rc2 64.Ra6 Rc5 65.Kg4 Rg5+ 66.Kh3 
Rh5+ 67.Kg2 Rc5 68.Rb6 Rc3 69.Bb3 Rd3 70.Kh3 Rf3 71.Kg2 Rd3 72.Bc4 1/2-1/2

[Event "16th Asian-ch"]
[Site "Makati PHI"]
[Date "2018.12.15"]
[Round "6.23"]
[White "Montoya, Edsel"]
[Black "Antonio, Rogelio jr"]
[Result "0-1"]
[WhiteElo "2312"]
[BlackElo "2431"]
[EventDate "2018.12.10"]
[PlyCount "124"]

1.d4 Nf6 2.c4 e6 3.Nc3 Bb4 4.e3 c5 5.Ne2 b6 6.a3 Ba5 7.Ng3 Bxc3+ 8.bxc3 
Bb7 9.f3 h5 10.Bd3 h4 11.Nf1 Nh5 12.Nd2 f5 13.Qe2 Qg5 14.a4 Nc6 15.Nb3 Qf6
16.Bb2 d6 17.O-O-O a5 18.Qf2 O-O-O 19.Kb1 g5 20.Rd2 Qe7 21.Ka2 Rhf8 22.Ba3
Nf6 23.Rb2 Qc7 24.Qd2 h3 25.gxh3 Rh8 26.Rhb1 Rxh3 27.d5 Ne5 28.Nxa5 bxa5 
29.Rxb7 Qxb7 30.Rxb7 Kxb7 31.Bf1 Rh4 32.dxe6 Kc7 33.e7 Re8 34.Qb2 Rxe7 35.
h3 Nc6 36.Qg2 g4 37.fxg4 fxg4 38.Qf2 Rhh7 39.Bg2 Ne4 40.Qc2 Ng5 41.hxg4 
Rh2 42.Qf2 Ne4 43.Qg1 Rhh7 44.Bb2 Rhg7 45.Bf3 Ng5 46.Bd5 Ne5 47.Qd1 Re8 
48.Bc1 Nh7 49.Bd2 Nf6 50.Bh1 Rxg4 51.Qf1 Rh8 52.Kb3 Nxc4 53.Bc1 Rb8+ 54.
Kc2 Rb2+ 55.Kd1 Rh2 56.Bf3 Rgh4 57.Bg2 Nd7 58.Bd5 Nde5 59.Qg1 Nb6 60.Qg7+ 
Nbd7 61.Bd2 Rxa4 62.Qg1 Ra1+ 0-1

[Event "16th Asian-ch"]
[Site "Makati PHI"]
[Date "2018.12.15"]
[Round "6.24"]
[White "Cuhendi, Sean Winshand"]
[Black "Wang Shixu"]
[Result "0-1"]
[WhiteElo "2429"]
[BlackElo "2342"]
[EventDate "2018.12.10"]
[PlyCount "99"]

1.b3 Nf6 2.Bb2 d5 3.e3 g6 4.c4 e6 5.Nf3 Bg7 6.Be2 O-O 7.O-O b6 8.Qc2 Bb7 
9.d3 c5 10.Nbd2 Nc6 11.Ne5 Nxe5 12.Bxe5 Nd7 13.Bxg7 Kxg7 14.f4 f5 15.Nf3 
Qf6 16.cxd5 Bxd5 17.e4 Bb7 18.e5 Qe7 19.Rad1 Rac8 20.Qb2 Rfd8 21.Kh1 h6 
22.d4 Kf7 23.Bc4 Bxf3 24.gxf3 cxd4 25.Rxd4 Nf8 26.Rfd1 Rxd4 27.Qxd4 Rc7 
28.Qd8 Qxd8 29.Rxd8 g5 30.fxg5 hxg5 31.Rd6 Rc8 32.h4 gxh4 33.f4 b5 34.Be2 
Rc1+ 35.Kg2 Rc2 36.Kf3 Rxa2 37.Bxb5 h3 38.Kg3 h2 39.Bc6 Ng6 40.Rd7+ Kf8 
41.Rh7 Kg8 42.Rh5 Ne7 43.Bf3 Rb2 44.Rh6 Kg7 45.Rh5 a5 46.Rh3 Rxb3 47.Rxh2 
a4 48.Rc2 Rb4 49.Rc7 Kf8 50.Ra7 
    {Writing ineligible. Black won after 85 moves}
0-1

[Event "16th Asian-ch"]
[Site "Makati PHI"]
[Date "2018.12.15"]
[Round "6.25"]
[White "Turqueza Mari, Joseph"]
[Black "Garcia, Jan Emmanuel"]
[Result "1-0"]
[WhiteElo "2305"]
[BlackElo "2429"]
[EventDate "2018.12.10"]
[PlyCount "83"]

1.c4 c5 2.Nc3 Nc6 3.Nf3 g6 4.e3 Nf6 5.d4 cxd4 6.exd4 d5 7.cxd5 Nxd5 8.Bc4 
Nxc3 9.Qb3 Nd5 10.Bxd5 e6 11.Bxc6+ bxc6 12.O-O Bg7 13.Be3 O-O 14.Rfc1 Qd5 
15.Qa4 Rd8 16.Rc5 Qe4 17.Rd1 h6 18.h3 Bb7 19.Re1 Qd3 20.Ne5 Qa6 21.Qxa6 
Bxa6 22.Nxc6 Rd7 23.Rec1 Bb7 24.Ne5 Bxe5 25.dxe5 Kg7 26.Rc7 Rxc7 27.Rxc7 
Bd5 28.Bxa7 Bxa2 29.h4 Rd8 30.Bc5 Rd1+ 31.Kh2 Re1 32.b4 Bd5 33.b5 h5 34.b6
g5 35.hxg5 Kg6 36.Be3 Rb1 37.Rc8 Kg7 38.Kg3 Rb4 39.f3 Rb2 40.Bc5 Bb7 41.
Rb8 Ba6 42.Be7 1-0

[Event "16th Asian-ch"]
[Site "Makati PHI"]
[Date "2018.12.15"]
[Round "6.26"]
[White "Docena, Jerad"]
[Black "Song Yuxin"]
[Result "1/2-1/2"]
[WhiteElo "2426"]
[BlackElo "2178"]
[EventDate "2018.12.10"]
[PlyCount "56"]

1.e4 c5 2.c3 Nf6 3.e5 Nd5 4.Nf3 Nc6 5.Bc4 Nb6 6.Bb3 d6 7.exd6 Qxd6 8.Na3 
a6 9.O-O Bf5 10.d4 cxd4 11.Nxd4 Nxd4 12.cxd4 e6 13.Bg5 Be7 14.Bxe7 Qxe7 
15.Qf3 Qd7 16.Rad1 Rd8 17.Nc4 Nxc4 18.Bxc4 O-O 19.d5 exd5 20.Rxd5 Qc8 21.
Qxf5 Qxc4 22.Rfd1 Rxd5 23.Qxd5 Qxd5 24.Rxd5 Rc8 25.g4 Kf8 26.Rd7 b5 27.Ra7
Rc2 28.Rxa6 Rxb2 1/2-1/2

[Event "16th Asian-ch"]
[Site "Makati PHI"]
[Date "2018.12.15"]
[Round "6.27"]
[White "Dimakiling, Oliver"]
[Black "Bai, Adelard"]
[Result "1-0"]
[WhiteElo "2434"]
[BlackElo "2100"]
[EventDate "2018.12.10"]
[PlyCount "93"]

1.c4 e5 2.e3 Nc6 3.Nc3 g6 4.d4 d6 5.d5 Nce7 6.h4 f5 7.Nf3 h6 8.c5 Nf6 9.
Qa4+ Bd7 10.Qb3 Rb8 11.a4 a6 12.a5 Bg7 13.Bc4 O-O 14.Qa3 Be8 15.cxd6 Qxd6 
16.Qxd6 cxd6 17.b3 Rd8 18.Ba3 Nc8 19.Rc1 Bf7 20.Ke2 b5 21.axb6 Nxb6 22.
Rhd1 Rfe8 23.Bb4 Nxc4 24.bxc4 Bf8 25.Ra1 Rb8 26.Rdb1 Rec8 27.Nd2 Ra8 28.f3
Nd7 29.g4 Nf6 30.gxf5 gxf5 31.Ba5 Ra7 32.Rb6 Be8 33.Bb4 Rd8 34.Raxa6 Rxa6 
35.Rxa6 Bh5 36.e4 f4 37.Ba5 Rb8 38.c5 Rb2 39.c6 Ne8 40.Ra8 Kg7 41.Kd3 Be7 
42.Bd8 Bxd8 43.Rxd8 Rb6 44.Nc4 Ra6 45.Nxd6 Nxd6 46.Rxd6 Ra8 47.Re6 1-0

[Event "16th Asian-ch"]
[Site "Makati PHI"]
[Date "2018.12.15"]
[Round "6.28"]
[White "Garma, Chito"]
[Black "Young, Angelo"]
[Result "1/2-1/2"]
[WhiteElo "2342"]
[BlackElo "2282"]
[EventDate "2018.12.10"]
[PlyCount "75"]

1.e4 e6 2.d4 d5 3.Nd2 Bd7 4.Ngf3 Nf6 5.e5 Ng8 6.Bd3 c5 7.c3 cxd4 8.cxd4 
Qb6 9.O-O Nc6 10.Nb3 Nb4 11.Bb1 Ba4 12.Be3 Ne7 13.Nfd2 Rc8 14.a3 Nbc6 15.
Bc2 Nf5 16.Rc1 Be7 17.Bxf5 exf5 18.Rc3 O-O 19.Qf3 g6 20.Qxd5 f4 21.Bxf4 
Rcd8 22.Qf3 Nxd4 23.Nxd4 Qxd4 24.Qg3 Bc6 25.h4 f6 26.e6 Rd5 27.Nf3 Qb6 28.
b4 Qd8 29.Re1 Re8 30.Bc7 Qc8 31.Rc4 Rd3 32.h5 g5 33.Bf4 Qd8 34.Be3 Qd6 35.
Rd4 Rxd4 36.Nxd4 a5 37.Qg4 axb4 38.axb4 
    {Writing ineligible. Draw after 96 moves}
1/2-1/2

[Event "16th Asian-ch"]
[Site "Makati PHI"]
[Date "2018.12.15"]
[Round "6.29"]
[White "Jacutina, John Merill"]
[Black "Concio, Michael jr"]
[Result "1-0"]
[WhiteElo "2296"]
[BlackElo "1991"]
[EventDate "2018.12.10"]
[PlyCount "93"]

1.c4 Nf6 2.g3 g6 3.Bg2 Bg7 4.Nc3 O-O 5.e4 e5 6.Nge2 d6 7.O-O Nc6 8.d3 Nh5 
9.Rb1 f5 10.exf5 gxf5 11.f4 Nf6 12.Nd5 Nxd5 13.Bxd5+ Kh8 14.Bg2 Ne7 15.Kh1
Rb8 16.Ng1 b5 17.Be3 Bb7 18.Bxb7 Rxb7 19.Qf3 Qa8 20.fxe5 Bxe5 21.b3 a6 22.
Rbe1 bxc4 23.dxc4 Rbb8 24.Qxa8 Rxa8 25.Nf3 Ng6 26.Bh6 Rf7 27.Bd2 Re8 28.
Kg2 Kg7 29.h4 h5 30.Ng5 Rff8 31.Nh3 c6 32.Bg5 Bd4 33.Nf4 Nxf4+ 34.Bxf4 Be5
35.Bd2 Kg6 36.Kf3 d5 37.cxd5 cxd5 38.Rc1 Re6 39.Rc5 d4 40.Re1 Rfe8 41.b4 
Bf6 42.Rxe6 Rxe6 43.a4 Rd6 44.b5 axb5 45.axb5 d3 46.Rc6 Rd5 47.Bc3 1-0

[Event "16th Asian-ch"]
[Site "Makati PHI"]
[Date "2018.12.15"]
[Round "6.30"]
[White "Nouri, Alekhine"]
[Black "Priasmoro, Novendra"]
[Result "0-1"]
[WhiteElo "2013"]
[BlackElo "2483"]
[EventDate "2018.12.10"]
[PlyCount "44"]

1.d4 Nf6 2.Bg5 c5 3.d5 Qb6 4.Nc3 h6 5.Bd2 d6 6.e4 g6 7.a4 Bg7 8.a5 Qd8 9.
f4 O-O 10.Qf3 e6 11.dxe6 Bxe6 12.a6 Nxa6 13.f5 Bd7 14.g4 Nb4 15.Kd1 Bc6 
16.g5 hxg5 17.fxg6 d5 18.Kc1 dxe4 19.Qf5 e3 20.Bxe3 Bxh1 21.Bc4 Nfd5 22.
Bxc5 Qf6 0-1

[Event "16th Asian-ch"]
[Site "Makati PHI"]
[Date "2018.12.15"]
[Round "6.31"]
[White "Gong, Daniel Hanwen"]
[Black "Pangilinan, Stephen Rome"]
[Result "1/2-1/2"]
[WhiteElo "2270"]
[BlackElo "2276"]
[EventDate "2018.12.10"]
[PlyCount "39"]

1.d4 d5 2.Bf4 Nf6 3.e3 e6 4.Nf3 Be7 5.Nbd2 O-O 6.Bd3 b6 7.Qe2 c5 8.c3 Nbd7
9.Ne5 Bb7 10.Nxd7 Nxd7 11.Qh5 Nf6 12.Qf3 b5 13.Qg3 b4 14.O-O c4 15.Bc2 
bxc3 16.bxc3 Qa5 17.Nb1 Qb6 18.Nd2 Qa5 19.Nb1 Qb6 20.Nd2 1/2-1/2

[Event "16th Asian-ch"]
[Site "Makati PHI"]
[Date "2018.12.15"]
[Round "6.32"]
[White "Schain, Randolph"]
[Black "Orio, Rogelio"]
[Result "1-0"]
[WhiteElo "2229"]
[BlackElo "1793"]
[EventDate "2018.12.10"]
[PlyCount "183"]

1.d4 d6 2.e4 Nf6 3.Nc3 g6 4.f3 c6 5.Be3 Bg7 6.Qd2 h6 7.O-O-O a5 8.Kb1 a4 
9.e5 Nd5 10.Nxd5 cxd5 11.exd6 Qxd6 12.Bf4 Qb6 13.a3 Nc6 14.Ne2 g5 15.Be3 
Bf5 16.Nc3 e6 17.g4 Bg6 18.h4 gxh4 19.Rxh4 h5 20.gxh5 Rxh5 21.Rxh5 Bxh5 
22.Be2 Bg6 23.Ka1 Bf8 24.Bd3 Bh5 25.Rf1 Qa5 26.f4 f5 27.Qe1 O-O-O 28.Bd2 
Nxd4 29.Nb5 Qxb5 30.Bxb5 Nxc2+ 31.Kb1 Nxe1 32.Rxe1 Bf3 33.Rxe6 Be4+ 34.Kc1
Bc5 35.Bxa4 d4 36.b4 Bd6 37.Kb2 Kc7 38.Re8 Bd3 39.Rxd8 Kxd8 40.Bc2 Be4 41.
a4 Kc7 42.Bb3 b6 43.Bc4 Kc6 44.Kb3 Bc7 45.Bb5+ Kd6 46.Kc4 Bd8 47.Kxd4 Bf6+
48.Ke3 Bc2 49.Be1 Kd5 50.Kd2 Be4 51.Bd3 Be7 52.Kc2 Bd6 53.Bf2 Kc6 54.b5+ 
Kb7 55.Be3 Bxd3+ 56.Kxd3 Kc7 57.Kc4 Kd7 58.Kd5 Bc7 59.Bc1 Bb8 60.Bd2 Bc7 
61.Be3 Bb8 62.Bxb6 Bxf4 63.Bd4 Bd2 64.Ke5 f4 65.Ke4 Kc7 66.Be5+ Kb6 67.
Bxf4 Be1 68.Kd5 Bf2 69.Bd2 Bg1 70.Kc4 Bf2 71.Bb4 Kb7 72.a5 Bg1 73.Bc5 Bh2 
74.Kd5 Bc7 75.a6+ Ka8 76.Kc6 Ba5 77.Bd6 Bb6 78.Bc7 Be3 79.Bd6 Bb6 80.Be5 
Be3 81.Bd6 Bb6 82.Bc5 Bc7 83.Kd7 Ba5 84.Bd6 Bb6 85.Bc7 Be3 86.Bd6 Bb6 87.
Kc6 Be3 88.Bc5 Bf4 89.b6 Kb8 90.Bd6+ Bxd6 91.Kxd6 Ka8 92.Kc6 1-0

[Event "16th Asian-ch"]
[Site "Makati PHI"]
[Date "2018.12.16"]
[Round "7.3"]
[White "Abdusattorov, Nodirbek"]
[Black "Santosh Gujrathi, Vidit"]
[Result "1/2-1/2"]
[WhiteElo "2546"]
[BlackElo "2701"]
[EventDate "2018.12.10"]
[PlyCount "30"]

1.e4 e5 2.Bc4 Nf6 3.d3 Nc6 4.Nc3 Bb4 5.Bg5 h6 6.Bxf6 Bxc3+ 7.bxc3 Qxf6 8.
Ne2 d6 9.Qd2 Qg5 10.Ng3 Qxd2+ 11.Kxd2 Be6 12.Bb3 Ne7 13.Raf1 g5 14.h4 Kd7 
15.d4 f6 1/2-1/2

[Event "16th Asian-ch"]
[Site "Makati PHI"]
[Date "2018.12.16"]
[Round "7.4"]
[White "Tabatabaei, Mohammadamin"]
[Black "Sethuraman, Panayapan"]
[Result "1-0"]
[WhiteElo "2587"]
[BlackElo "2664"]
[EventDate "2018.12.10"]
[PlyCount "117"]

1.d4 Nf6 2.c4 e6 3.g3 d5 4.Bg2 dxc4 5.Nf3 c5 6.O-O Nc6 7.Qa4 Bd7 8.Qxc4 b5
9.Qd3 c4 10.Qc2 Rc8 11.e4 Be7 12.Qe2 O-O 13.Rd1 Na5 14.d5 exd5 15.e5 Ne4 
16.Rxd5 Nc5 17.Nd4 Qe8 18.Bd2 Nab7 19.Na3 a6 20.Nac2 Ne6 21.Rd1 Nxd4 22.
Rxd4 Nc5 23.Nb4 Ne6 24.Rg4 f5 25.exf6 Bxf6 26.Nd5 Nc5 27.Nxf6+ Rxf6 28.
Qxe8+ Rxe8 29.Rd4 Bc6 30.Bf1 Bf3 31.Re1 Rxe1 32.Bxe1 Kf7 33.Bc3 Bc6 34.Rh4
Rh6 35.Rf4+ Kg8 36.h4 Re6 37.Bb4 Re5 38.Rd4 Nb7 39.a4 h6 40.axb5 axb5 41.
Bg2 Bxg2 42.Kxg2 Nc5 43.Rd8+ Kh7 44.Bc3 Re2 45.Kf3 Rc2 46.Rb8 Na4 47.Bd4 
Rd2 48.Ke3 Rd3+ 49.Ke4 Rb3 50.Rb7 Kg8 51.Rxg7+ Kf8 52.Rh7 Nxb2 53.Rxh6 Nd1
54.h5 Rd3 55.Rb6 Rd2 56.h6 Kg8 57.Rb7 Nxf2+ 58.Kd5 Rxd4+ 59.Kxd4 1-0